000 01083nam a2200229 a 4500
001 BRCA_5751
005 20190321142933.0
008 040311s1946----nyu#######---#000-0#eng-#
041 _aeng
044 _anyu
050 4 _b.P65 2 1946
245 1 0 _aPolitical Science Quarterly
_cedited for the Academy of Political Science by the Faculty of Political Science of Columbia University.
260 _aNueva York
_bAcademy of Political Science
_c1946
300 _a13 v.
_c21 cm.
500 _aVer también G1
500 _aH67
505 0 _aContenido: v.1. LVII Sept. 1943 No.3. -- v.2. LVII Dec. 1943 No.4. -- v.3. XX Jan. 1944 No.4. -- v.4. XX Mar. 1944 No.1. -- v.5. XXI May. 1944 No.1. -- v.6. LIX Jun. 1944 No.2. -- v.7. LIX Sept. 1944 No.3. -- v.8. XXI Jan. 1945 No.2. -- v.9. XL Mar. 1945 No.1. -- v.10. XXI May. 1945 No.3. -- v.11. XXI Jun. 1945 No.2. -- v.12. XXI Dic. 1945 No.4. -- v.13. LX Mar. 1946 No.1
650 1 4 _aCiencia política
_zEstados Unidos
_914589
710 2 _aColumbia University
_bAcademy of Political Science
_914590
902 _aGFM
942 _2lcc
_cB
999 _c5441
_d5441